000 00469nam a2200169Ia 4500
003 GCL
008 140319s9999 xx 000 0 eng d
040 _aGCL /
_cGCL
082 0 4 _a519.502461
_bA S
100 1 _aARMITAGE, P.
245 1 0 _aStatistical Methods In Medical Research /
_cARMITAGE, P.
700 1 _aBERRY, G
260 _a[S.N] :
_bOXFORD BLACKWELL SCIENTIFIC PUBLICATIONS ،
_c1994
300 _a559 P
650 0 4 _aMEDICAL STATISTICS
942 _2ddc
_cBK
999 _c14352
_d14352